| 000 | 01486nam a2200433 i 4500 | ||
|---|---|---|---|
| 001 | 5692 | ||
| 003 | KOSZ 005 | ||
| 005 | 20190809123010.0 | ||
| 008 | s1993 pl f |000 0 pol | ||
| 040 |
_cKOSZ 005 _aKOSZ 005 _dKOSZ 005/EG |
||
| 041 | _apol | ||
| 046 | _k1974 | ||
| 080 | _a624.01/.07 | ||
| 080 | _a531 | ||
| 080 | _a(075.8) | ||
| 100 | 1 |
_aDyląg, Zdzisław _d(1923-2015) _eAutor |
|
| 245 | 1 | 0 |
_aMechanika budowli. _nT.3 / _cZdzisław Dyląg, Eugenia Krzemińska-Niemiec. |
| 250 | _aWyd. 4 zm. i rozsz. | ||
| 260 |
_aBiałystok : _bWydawnictwa Politechniki Białostockiej, _c1993. |
||
| 300 |
_a274, [1] s. : _bil. ; _c23 cm. |
||
| 336 |
_2rdacontent _aTekst _btxt |
||
| 337 |
_2rdamedia _aBez urządzenia pośredniczącego _bn |
||
| 338 |
_2rdacarrier _aWolumin _bnc |
||
| 380 | _aKsiążki | ||
| 380 | _aPublikacje dydaktyczne | ||
| 385 |
_mPoziom nauczania _aSzkoły wyższe |
||
| 388 | _a1901-2000 | ||
| 388 | _a1989-2000 | ||
| 504 | _aBibliografia s. 260-270. | ||
| 521 | _aPodręcznik dla studentów wyższych szkół technicznych. | ||
| 650 | 7 | _aBudownictwo | |
| 650 | 7 | _aMechanika | |
| 655 | _aPodręczniki akademickie | ||
| 658 | _aArchitektura i budownictwo | ||
| 700 | 1 |
_aKrzemińska-Niemiec, Eugenia _eAutor |
|
| 710 | 2 | _aWydawnictwa Politechniki Białostockiej | |
| 856 |
_uhttp://koha.tu.koszalin.pl/cgi-bin/koha/opac-detail.pl?biblionumber=5692 _yKatalog online BPK |
||
| 942 |
_cKS _2UKD |
||
| 999 |
_c5692 _d5692 |
||